[Event "Corrientes Mayor Rosarino op"]
[Site "Corrientes"]
[Date "2022.10.07"]
[Round "3"]
[White "Micalizio, Hugo"]
[Black "Paganini, Jose Ignacio"]
[Result "0-1"]
[WhiteElo "1837"]
[BlackElo "1962"]
[PlyCount "82"]
[EventDate "2022.10.06"]
[EventType "swiss"]
[EventRounds "9"]
[EventCountry "ARG"]
[SourceTitle "CBM 210 Extra"]
[Source "ChessBase"]
[SourceDate "2022.11.30"]
[SourceVersion "1"]
[SourceVersionDate "2022.11.30"]
[SourceQuality "1"]

1. f4 d5 2. Nf3 c5 3. c4 e6 4. d4 Nf6 5. e3 Nc6 6. Nc3 Be7 7. Be2 0-0 8. 0-0 b6 9. h3 Bb7 10. g4 dxc4 11. g5 Nd5 12. e4 Nxf4 13. Bxf4 cxd4 14. Bxc4 dxc3 15. bxc3 Na5 16. Bd3 Rc8 17. Rc1 Nc4 18. Qe2 b5 19. h4 Bc5+ 20. Kh2 Qe7 21. h5 e5 22. Bg3 Be3 23. Rb1 Bf4 24. Rxb5 Ne3 25. Bxf4 Nxf1+ 26. Qxf1 exf4 27. c4 Bxe4 28. Re5 Bxd3 29. Qxd3 Qb4 30. Re4 Qb2+ 31. Kh3 Rfd8 32. Qf1 Qxa2 33. Rxf4 Qa5 34. Kg4 Rc5 35. Qe2 Qc7 36. Re4 Qd7+ 37. Kh4 Rf8 38. Qe3 Qc8 39. h6 Rxc4 40. hxg7 Re8 41. Nd2 Rexe4+ 0-1

[Event "ARG-ch sf 93rd"]
[Site "Buenos Aires"]
[Date "2018.05.26"]
[Round "8"]
[White "Paganini, Jose Ignacio"]
[Black "Albistur, Damian"]
[Result "0-1"]
[WhiteElo "1998"]
[BlackElo "2151"]
[PlyCount "48"]
[EventDate "2018.05.19"]
[EventType "swiss"]
[EventRounds "9"]
[EventCountry "ARG"]
[SourceTitle "CBM 184 Extra"]
[Source "ChessBase"]
[SourceDate "2018.06.28"]
[SourceVersion "1"]
[SourceVersionDate "2018.06.28"]
[SourceQuality "1"]

1. e4 c5 2. Nf3 e6 3. b3 Nc6 4. Bb2 d6 5. d4 cxd4 6. Nxd4 Nf6 7. Bb5 Bd7 8. Qe2 Be7 9. 0-0 0-0 10. Bxc6 bxc6 11. c4 d5 12. cxd5 cxd5 13. e5 Ne4 14. Nc3 Nxc3 15. Bxc3 Qb6 16. b4 Rfc8 17. Qd2 Rc4 18. a3 Rac8 19. Rfc1 h6 20. Nb3 Bg5 21. Qb2 Bxc1 22. Rxc1 d4 23. Bd2 Ba4 24. Nc5 R8xc5 0-1

[Event "Rosario Bandera Memorial"]
[Site "Rosario"]
[Date "2017.06.20"]
[Round "7"]
[White "Paganini, Jose Ignacio"]
[Black "Rodriguez Vila, Andres"]
[Result "0-1"]
[WhiteElo "1935"]
[BlackElo "2478"]
[PlyCount "84"]
[EventDate "2017.06.17"]
[EventType "swiss"]
[EventRounds "7"]
[EventCountry "ARG"]
[SourceTitle "EXT 2018"]
[Source "ChessBase"]
[SourceDate "2017.10.13"]
[SourceVersion "1"]
[SourceVersionDate "2017.10.13"]
[SourceQuality "1"]

1. e4 e6 2. d4 d5 3. exd5 exd5 4. Nf3 Nc6 5. Bf4 Nf6 6. c3 Be7 7. Bd3 0-0 8. Nbd2 Nh5 9. Bg3 f5 10. Ne5 g6 11. f4 Nxe5 12. dxe5 c5 13. c4 Kh8 14. Be2 Ng7 15. Qc2 Ne6 16. Nf3 dxc4 17. Bxc4 b5 18. Bxe6 Qa5+ 19. Qd2 Qxd2+ 20. Nxd2 Bxe6 21. Nf3 Rfd8 22. 0-0 Rac8 23. Rfd1 a5 24. a3 Bb3 25. Rxd8+ Rxd8 26. Be1 a4 27. Nd2 Be6 28. Kf2 h6 29. Ke3 g5 30. g3 Bf7 31. Nf3 Bc4 32. Nd2 Rd3+ 33. Kf2 Bf7 34. Ke2 c4 35. Nf1 Bh5+ 36. Kf2 Bc5+ 37. Kg2 Bf3+ 38. Kh3 Be7 39. fxg5 hxg5 40. g4 f4 41. Bc3 Kg8 42. Nd2 Bd5+ 0-1

[Event "Rosario Bandera Memorial"]
[Site "Rosario"]
[Date "2017.06.18"]
[Round "3"]
[White "Paganini, Jose Ignacio"]
[Black "Mancilla Canales, Manuel"]
[Result "1-0"]
[WhiteElo "1935"]
[BlackElo "1642"]
[PlyCount "45"]
[EventDate "2017.06.17"]
[EventType "swiss"]
[EventRounds "7"]
[EventCountry "ARG"]
[SourceTitle "CBM 179 Extra"]
[Source "ChessBase"]
[SourceDate "2017.08.23"]
[SourceVersion "1"]
[SourceVersionDate "2017.08.23"]
[SourceQuality "1"]

1. c4 Nf6 2. d4 e6 3. Nc3 b6 4. e4 d6 5. Bd3 Be7 6. Nge2 0-0 7. 0-0 Bb7 8. f4 Nbd7 9. Rf3 d5 10. cxd5 exd5 11. e5 Ne4 12. Bxe4 dxe4 13. Rh3 f5 14. Qb3+ Kh8 15. Be3 c5 16. d5 c4 17. Qxc4 Bc5 18. Nd4 Bxd4 19. Bxd4 Rc8 20. Qe2 Nc5 21. Qh5 h6 22. e6 Nxe6 23. Qxh6+ 1-0

[Event "Rosario Bandera Memorial"]
[Site "Rosario"]
[Date "2017.06.17"]
[Round "2"]
[White "Llanos, Guillermo"]
[Black "Paganini, Jose Ignacio"]
[Result "1-0"]
[WhiteElo "2334"]
[BlackElo "1935"]
[PlyCount "69"]
[EventDate "2017.06.17"]
[EventType "swiss"]
[EventRounds "7"]
[EventCountry "ARG"]
[SourceTitle "CBM 179 Extra"]
[Source "ChessBase"]
[SourceDate "2017.08.23"]
[SourceVersion "1"]
[SourceVersionDate "2017.08.23"]
[SourceQuality "1"]

1. d4 Nf6 2. Nf3 d5 3. c4 c6 4. e3 Bg4 5. h3 Bh5 6. Nc3 Nbd7 7. cxd5 cxd5 8. Qb3 Bxf3 9. gxf3 Qb6 10. Nxd5 Qxb3 11. Nxf6+ Nxf6 12. axb3 e6 13. Bb5+ Nd7 14. Bd2 a6 15. Rg1 Rc8 16. Bd3 f5 17. Ke2 Kf7 18. b4 Nf6 19. b5 axb5 20. Ra7 Be7 21. Rxb7 Rb8 22. Ra7 b4 23. Rc1 Ra8 24. Rca1 Rxa7 25. Rxa7 Rb8 26. e4 g6 27. b3 Rb6 28. Bg5 Kf8 29. Rxe7 Kxe7 30. e5 Rb8 31. Bxf6+ Kd7 32. Bg5 Kc6 33. Bc4 Re8 34. Bd2 Rd8 35. Kd3 1-0

[Event "Rosario Promesas Cup"]
[Site "Rosario"]
[Date "2017.02.03"]
[Round "7"]
[White "Beroiz, Julian"]
[Black "Paganini, Jose Ignacio"]
[Result "1/2-1/2"]
[WhiteElo "2018"]
[BlackElo "1939"]
[PlyCount "44"]
[EventDate "2017.01.31"]
[EventType "tourn"]
[EventRounds "9"]
[EventCountry "ARG"]
[SourceTitle "CBM 176 Extra"]
[Source "ChessBase"]
[SourceDate "2017.03.02"]
[SourceVersion "1"]
[SourceVersionDate "2017.03.02"]
[SourceQuality "1"]

1. e4 c5 2. Nf3 d6 3. Bb5+ Nd7 4. c3 Ngf6 5. Qe2 a6 6. Ba4 b5 7. Bc2 Bb7 8. d4 e6 9. 0-0 Be7 10. Re1 0-0 11. a4 Bc6 12. Nbd2 Re8 13. dxc5 Nxc5 14. Nd4 Qb6 15. c4 Nxa4 16. Nxc6 Qxc6 17. Bxa4 bxa4 18. Qd1 a3 19. b3 d5 20. e5 Nd7 21. Bxa3 Nb6 22. Bxe7 Rxe7 1/2-1/2

[Event "Rosario Promesas Cup"]
[Site "Rosario"]
[Date "2017.02.02"]
[Round "5"]
[White "Mizzau, Pablo"]
[Black "Paganini, Jose Ignacio"]
[Result "0-1"]
[WhiteElo "1880"]
[BlackElo "1939"]
[PlyCount "64"]
[EventDate "2017.01.31"]
[EventType "tourn"]
[EventRounds "9"]
[EventCountry "ARG"]
[SourceTitle "CBM 176 Extra"]
[Source "ChessBase"]
[SourceDate "2017.03.02"]
[SourceVersion "1"]
[SourceVersionDate "2017.03.02"]
[SourceQuality "1"]

1. e4 c5 2. Nf3 d6 3. d4 Nf6 4. Nc3 cxd4 5. Nxd4 a6 6. Be2 g6 7. Be3 Bg7 8. 0-0 b5 9. Bf3 e5 10. Nb3 0-0 11. a3 Be6 12. Qd2 Qc7 13. Rfd1 Rd8 14. Bg5 Nc6 15. Qd3 Ne7 16. Rd2 Rab8 17. Bxf6 Bxf6 18. Rad1 Bg7 19. g3 h5 20. Na2 Kh7 21. Qc3 Qb6 22. Nac1 Bh6 23. Re2 Nc6 24. Qe1 Bc4 25. Nd3 Bxb3 26. cxb3 Nd4 27. Kg2 Nxe2 28. Bxe2 a5 29. b4 a4 30. Nc1 Rdc8 31. Bd3 Qd4 32. Rd2 Bxd2 0-1

[Event "Rosario Promesas Cup"]
[Site "Rosario"]
[Date "2017.02.01"]
[Round "3"]
[White "Acevedo, Raul"]
[Black "Paganini, Jose Ignacio"]
[Result "0-1"]
[WhiteElo "2076"]
[BlackElo "1939"]
[PlyCount "118"]
[EventDate "2017.01.31"]
[EventType "tourn"]
[EventRounds "9"]
[EventCountry "ARG"]
[SourceTitle "CBM 176 Extra"]
[Source "ChessBase"]
[SourceDate "2017.03.02"]
[SourceVersion "1"]
[SourceVersionDate "2017.03.02"]
[SourceQuality "1"]

1. e4 g6 2. d4 d6 3. Be3 Bg7 4. Bd3 Nc6 5. c3 e5 6. Ne2 f5 7. f3 Nf6 8. Nd2 0-0 9. 0-0 f4 10. Bf2 Nh5 11. Qe1 Qg5 12. Bh4 Qh6 13. g4 fxg3 14. Nxg3 Nf4 15. Bc4+ Kh8 16. Ne2 Nxe2+ 17. Bxe2 exd4 18. Rc1 dxc3 19. bxc3 Be6 20. Kh1 Be5 21. Rg1 Bf4 22. Rc2 Ne5 23. Nf1 Rf7 24. Bg3 Bg5 25. Qf2 Bh3 26. Qd4 Re8 27. Bxe5+ Rxe5 28. Qxa7 Bxf1 29. Rxf1 Bf4 30. Bc4 Rh5 31. Qd4+ Be5 32. Qg1 Rf4 33. Rff2 Rh3 34. Qg2 Rfh4 35. Qg1 Qe3 36. Qf1 Qf4 37. Qg1 Qf6 38. Qd1 Qf4 39. Qe2 Qh6 40. Be6 Rxh2+ 41. Rxh2 Rxh2+ 42. Qxh2 Bxh2 43. Rxh2 Qc1+ 44. Kg2 Qxc3 45. Bb3 c5 46. Bd5 b5 47. Bf7 c4 48. Kg3 Qe5+ 49. Kg2 Qf4 50. Bd5 h5 51. a4 Qg5+ 52. Kf2 Qd2+ 53. Kg3 Qe1+ 54. Kf4 Qc1+ 55. Kg3 bxa4 56. Rf2 g5 57. Re2 Qg1+ 58. Kh3 Qf1+ 59. Rg2 Qh1+ 0-1

[Event "Pan American-ch U2000"]
[Site "Carilo Village"]
[Date "2016.10.25"]
[Round "1"]
[White "Muniz, Roberto Anibal"]
[Black "Paganini, Jose Ignacio"]
[Result "0-1"]
[WhiteElo "1739"]
[BlackElo "1904"]
[PlyCount "62"]
[EventDate "2016.10.25"]
[EventType "swiss"]
[EventRounds "9"]
[EventCountry "ARG"]
[SourceTitle "EXT 2022"]
[Source "ChessBase"]
[SourceDate "2021.10.06"]
[SourceVersion "1"]
[SourceVersionDate "2021.10.06"]
[SourceQuality "1"]

1. e4 e6 2. d4 d5 3. e5 c5 4. c3 Nc6 5. Nf3 Bd7 6. Be2 Nge7 7. Na3 Nf5 8. Nc2 f6 9. Bd3 fxe5 10. Bxf5 exf5 11. dxe5 Be6 12. 0-0 Be7 13. Qd3 0-0 14. Rb1 f4 15. Qd2 Bf5 16. Ra1 Be4 17. Rd1 Qc7 18. Re1 Bxf3 19. gxf3 Rad8 20. Qe2 Qd7 21. b4 Qh3 22. Kh1 Rf5 23. Rg1 Nxe5 24. Ne1 Ng6 25. Qe6+ Kf8 26. Ng2 Rd6 27. Qc8+ Kf7 28. Ne1 Re6 29. Bd2 Nh4 30. Qd7 Rxe1 31. Raxe1 Qxf3+ 0-1

[Event "Santa Fe IRT Club Espanol A"]
[Site "Santa Fe"]
[Date "2015.12.19"]
[Round "5.2"]
[White "Paganini, Jose Ignacio"]
[Black "Munoz, Francisco Javier"]
[Result "0-1"]
[WhiteElo "1879"]
[BlackElo "2309"]
[PlyCount "70"]
[EventDate "2015.12.16"]
[EventType "tourn"]
[EventRounds "7"]
[EventCountry "ARG"]
[SourceTitle "EXT 2024"]
[Source "ChessBase"]
[SourceDate "2023.10.10"]
[SourceVersion "1"]
[SourceVersionDate "2023.10.10"]
[SourceQuality "1"]

1. g3 d5 2. Bg2 Nf6 3. c4 c6 4. d4 Bg4 5. cxd5 cxd5 6. Qb3 Qd7 7. Nc3 e6 8. Bg5 Be7 9. e3 Nc6 10. Nf3 h6 11. Bxf6 Bxf6 12. 0-0 0-0 13. Rfc1 Rfc8 14. Nd2 Be7 15. Bf1 a6 16. a3 b5 17. Nxb5 Na5 18. Qa4 axb5 19. Bxb5 Qd8 20. Rxc8 Qxc8 21. f3 Nc4 22. Qd1 Nxd2 23. fxg4 Ne4 24. a4 Bb4 25. Rc1 Qd8 26. Qb3 Bd2 27. Rc6 Qg5 28. a5 Rxa5 29. Rc8+ Kh7 30. Bd3 Qxe3+ 31. Kg2 Ra1 32. Qb8 Rg1+ 33. Kh3 Qxd3 34. Rh8+ Kg6 35. Qe5 Nf2+ 0-1

[Event "Rosario Flag B"]
[Site "Rosario"]
[Date "2015.06.21"]
[Round "6.4"]
[White "Paganini, Jose Ignacio"]
[Black "Beroiz, Julian"]
[Result "1-0"]
[WhiteElo "1878"]
[BlackElo "1948"]
[PlyCount "77"]
[EventDate "2015.06.18"]
[EventType "tourn"]
[EventRounds "7"]
[EventCountry "ARG"]
[SourceTitle "EXT 2024"]
[Source "ChessBase"]
[SourceDate "2023.10.10"]
[SourceVersion "1"]
[SourceVersionDate "2023.10.10"]
[SourceQuality "1"]

1. d4 f5 2. c4 Nf6 3. Nc3 g6 4. Nf3 Bg7 5. Bf4 0-0 6. Qd2 Ne4 7. Qc2 Nxc3 8. bxc3 d6 9. Rd1 Nd7 10. e3 Qe8 11. h3 e5 12. Bh2 f4 13. Be2 Nf6 14. exf4 e4 15. Nh4 h6 16. g4 g5 17. Ng2 Bd7 18. Qd2 Qg6 19. f5 Qf7 20. Ne3 Rad8 21. c5 d5 22. Bxc7 Ba4 23. Bd6 Bxd1 24. Bxd1 Qd7 25. Bb3 Rf7 26. Nxd5 Kh7 27. Ne3 Bf8 28. Bxf7 Qxf7 29. Bxf8 Rxf8 30. c4 Rd8 31. 0-0 Qc7 32. Rb1 h5 33. d5 Rd7 34. Qd4 Rf7 35. d6 Qc6 36. Nd5 Nd7 37. Rb5 a6 38. Ne7 axb5 39. Nxc6 1-0